000
00301nam a2200121Ia 4500
008
220204s9999 xx 000 0 und d
082
_a
339.138
_b
LUC
100
_a
Ferrell, O C
245
0
_a
Marketing strategy and plan
260
_a
New Jersey
_b
Prentice Hall
_c
1979
700
_a
David J
942
_c
BK
999
_c
35471
_d
35471